| 000 | 00778nam a2200217Ia 4500 | ||
|---|---|---|---|
| 003 | GCL | ||
| 008 | 140319s9999 xx 000 0 ara d | ||
| 040 |
_aGCL / _cGCL |
||
| 082 | 0 | 4 |
_a913.02 _bح ا |
| 100 | 1 | _aحسن سيد احمد ابو العينين | |
| 245 | 1 | 0 |
_aاصول الجغرافيا المناخية / _cحسن سيد احمد ابو العينين |
| 250 | _aالثالثة | ||
| 260 |
_aالقاهرة : _bمؤسسة الثقافةالجامعية للطبع والنشر ، _c1985 |
||
| 300 |
_a562ص ؛ _c24سم |
||
| 650 | 0 | 4 | _aالجغرافيا الطبيعية |
| 650 | 0 | 4 | _aالمناخ |
| 650 | 0 | 4 | _aالظواهر الجوية |
| 650 | 0 | 4 | _aالمناطق المناخية |
| 650 | 0 | 4 | _aالجغرافيا المناخية |
| 942 |
_2ddc _cBK |
||
| 999 |
_c31651 _d31651 |
||